Programa nacional para la conservación y uso sostenible de las especies del superorden Xenarthra presentes en Colombia : (Registro nro. 19860)

Detalles MARC
000 -CABECERA
Campo de control 01153nam a2200265 a 4500
005 - FECHA Y HORA DE LA ULTIMA TRANSACCION
Campo de control 20170925145714.0
008 - ELEMENTOS DE LONGITUD FIJA—INFORMACION GENERAL
Campo de control 170925t2016 ck abd||r|||| 00| 0 spa d
020 ## - ISBN
ISBN 9789588901220
040 ## - FUENTE DE CATALOGACIÓN
Agencia catalogadora original CO-BoIAVH
Agencia transcriptora CO-BoIAVH
041 0# - IDIOMA
Código de idioma para texto/pista de sonido o título separado Español
044 ## - PAÍS DE PUBLICACIÓN
País de publicación Colombia
082 04 - NUMERO DE CLASIFICACION DECIMAL DEWEY
Número de clasificación 599.31
Número del ítem C71p
110 1# - ASIENTO PRINCIPAL--NOMBRE CORPORATIVO
Nombre corporativo o de jurisdicción como elemento de entrada Colombia
Unidad subordinad Ministerio de Medio Ambiente y Desarrollo Sostenible
9 (RLIN) 84921
245 10 - MENCION DE TITULO
Título Programa nacional para la conservación y uso sostenible de las especies del superorden Xenarthra presentes en Colombia :
Parte restante del título plan de acción 2014-2023 /
260 ## - PUBLICACION, DISTRIBUCION, ETC. (PIE DE IMPRENTA)
Lugar de publicación, distribución, etc. Bogotá (Colombia) :
Nombre del editor, distribuidor, etc. Ministerio de Ambiente y Desarrollo Sostenible,
Fecha de publicación, distribución, etc. 2016.
300 ## - DESCRIPCION FISICA
Extensión 56 páginas :
Otros detalles físicos ilustraciones, mapas y gráficas ;
Dimensiones 28 x 21 cm.
504 ## - NOTA DE BIBLIOGRAFIA, ETC.
Nota de bibliografía Incluye referencias bibliográficas.
650 26 - ASIENTO SECUNDARIO DE MATERIA - TERMINO TEMATICO
Término temático o nombre geográfico como elemento de entrada Fauna
Subdivisión geográfica Colombia
9 (RLIN) 84922
650 26 - ASIENTO SECUNDARIO DE MATERIA - TERMINO TEMATICO
Término temático o nombre geográfico como elemento de entrada Xenarthra
Subdivisión general Conservación
Subdivisión geográfica Colombia
Subdivisión de forma planes de acción
9 (RLIN) 84923
650 26 - ASIENTO SECUNDARIO DE MATERIA - TERMINO TEMATICO
Término temático o nombre geográfico como elemento de entrada Xenarthra
Subdivisión general Distribución de la población
Subdivisión geográfica Colombia
9 (RLIN) 84924
650 26 - ASIENTO SECUNDARIO DE MATERIA - TERMINO TEMATICO
Término temático o nombre geográfico como elemento de entrada Oso hormiguero
Subdivisión general conservación
Subdivisión geográfica Colombia
9 (RLIN) 84925
650 26 - ASIENTO SECUNDARIO DE MATERIA - TERMINO TEMATICO
Término temático o nombre geográfico como elemento de entrada Armadillo
Subdivisión general conservación
Subdivisión geográfica Colombia
9 (RLIN) 84926
650 26 - ASIENTO SECUNDARIO DE MATERIA - TERMINO TEMATICO
Término temático o nombre geográfico como elemento de entrada Perezosos
Subdivisión general conservación
Subdivisión geográfica Colombia
9 (RLIN) 84927
942 ## - ELEMENTOS ADICIONALES (KOHA)
Sistema de clasificación Dewey Decimal Classification
Tipo de ítem Libro
Existencias
Withdrawn status Lost status Sistema de Clasificación Damaged status No para préstamo Colección Inventariado Ubicación Permanente Ubicación actual Fecha de adquisición Fuente de Valor Valor Total Checkouts Número topográfico Inventario / Código de Barras Date last seen Ejemplar Price effective from Forma de adquisición Tipo de material
    Dewey Decimal Classification     General Inventariado 2017 Bogotá Bogotá 25/09/2017 Instituto 39000.00   LB-599.31 C71p 041699 25/09/2017 Ej. 1 25/09/2017 Donación Libro
    Dewey Decimal Classification     General   Bogotá Bogotá 30/10/2017       LB-599.31 C71p 043272 30/10/2017 Ej. 3 30/10/2017 Donación Libro
    Dewey Decimal Classification     General   Sala Fabio Quevedo Sala Fabio Quevedo 30/10/2017       LB-599.31 C71p 043271 30/10/2017 Ej. 2 30/10/2017 Donación Libro